| 000 | 00431cam a22001457a 4500 | ||
|---|---|---|---|
| 008 | 180718b1987 xxu||||| |||| 00| 0 eng d | ||
| 082 | _aY42 K528 CRS | ||
| 100 | _aKhosla, P.K. | ||
| 245 |
_aSocial forestry for rural development _cby P.K. Khosla and R.K. Kohli |
||
| 260 |
_aSolan _bIndian Society of Tree Scientists _c1987 |
||
| 300 | _a282p. | ||
| 650 | _aRural Development | ||
| 650 | _aForest Planning | ||
| 700 | _aKohli, R.K. | ||
| 999 |
_c348116 _d348116 |
||